Contributory provident fund rules ( TamilNadu) (Record no. 500167)

000 -LEADER
fixed length control field 00302cam a22000977a 4500
008 - FIXED-LENGTH DATA ELEMENTS--GENERAL INFORMATION
fixed length control field 180718b1980 xxu||||| |||| 00| 0 eng d
082 ## - DEWEY DECIMAL CLASSIFICATION NUMBER
Classification number K85x5451 T152/1977
245 ## - TITLE STATEMENT
Title Contributory provident fund rules ( TamilNadu)
260 ## - PUBLICATION, DISTRIBUTION, ETC.
Place of publication, distribution, etc. Karnataka
Name of publisher, distributor, etc. The Director of Stationery and Printing
Date of publication, distribution, etc. 1980
300 ## - PHYSICAL DESCRIPTION
Extent 71+p.
Holdings
Withdrawn status Lost status Damaged status Not for loan Permanent Location Current Location Date acquired Full call number Barcode Date last seen Price effective from Koha item type
        Indian Institute of Public Administration Indian Institute of Public Administration 2018-08-04 K85x5451 T152/1977 GG18580 2018-08-04 2018-08-04 GG

Powered by Koha